Marte: la próxima frontera
Gorde:
| Egile nagusia: | |
|---|---|
| Formatua: | Liburua |
| Hizkuntza: | gaztelania |
| Argitaratua: |
Santiago
Planeta Chilena S.A
2018
|
| Edizioa: | 2a. ed |
| Gaiak: | |
| Etiketak: |
Etiketa erantsi
Etiketarik gabe, Izan zaitez lehena erregistro honi etiketa jartzen!
|
MARC
| LEADER | 00000cam a2200000 a 4500 | ||
|---|---|---|---|
| 001 | UCC9565 | ||
| 003 | CL-VaPUC | ||
| 008 | 191004e20180000cl |||||||||||||||||spa|d | ||
| 020 | |a 9789563604771 | ||
| 082 | 0 | 4 | |a 523.43 |b MAZ |2 21 |
| 100 | |a Maza Sancho, José María |e autor |9 604701 | ||
| 245 | 1 | 0 | |a Marte: la próxima frontera |
| 250 | |a 2a. ed | ||
| 300 | |a 155 p | ||
| 942 | |c BK | ||
| 945 | |d 20191004 13:59:00 |a dcastane | ||
| 260 | |a Santiago |b Planeta Chilena S.A |c 2018 | ||
| 600 | 0 | 7 | |a MARTE |2 CL-VaPUC |9 370498 |
| 650 | 0 | |a Astronomía |9 260985 | |
| 650 | 7 | |a PLANETAS |2 CL-VaPUC |9 352277 | |
| 650 | 7 | |a SATELITES |2 CL-VaPUC |9 352279 | |
| 650 | 0 | |a Viajes espaciales |9 604702 | |
| 650 | 7 | |a FUTUROLOGIA |2 CL-VaPUC |9 328866 | |
| 583 | |a last modification |c 20191004 13:59:00 |k Rodrigo Vera | ||
| 999 | |c 375735 |d 375733 | ||
| 952 | |0 0 |1 0 |3 erb |4 0 |6 523_430000000000000_MAZ_2018 |7 0 |8 CCM |9 494756 |a BIBCUR |b BIBCUR |i 5603072 |l 5 |o 523.43 MAZ 2018 |p 5603072 |r 2025-04-22 |s 2024-07-09 |w 2019-11-24 |y BK |z Catalogado en:20191004 |k CIM | ||